Statistics for Angel Eyes - ABBA (Full Lyrics)

Click here to take the quiz!

General Stats

  • This quiz has been taken 60 times
  • The average score is 167 of 227

Answer Stats

HintLyrics% Correct
LyricI
100%
Lyrica
98%
Lyricand
91%
LyricAnd
91%
LyricAngel
91%
Lyricangel
91%
Lyriceyes
91%
Lyriche
91%
LyricHe
91%
Lyriclook
91%
LyricLook
91%
Lyricto
91%
Lyricin
89%
Lyricthe
89%
Lyricyou
89%
Lyrichis
86%
Lyricinto
86%
Lyricone
86%
LyricOne
86%
Lyricme
84%
Lyricnight
82%
Lyricthat
82%
Lyricwas
82%
Lyricyour
82%
LyricThen
80%
Lyricgave
77%
Lyricher
75%
Lyricmade
75%
Lyricyou're
75%
Lyrichim
73%
Lyricparadise
73%
Lyricwalk
73%
Lyricwith
73%
Lyricabout
70%
Lyricgirl
70%
LyricLast
70%
Lyricriver
70%
Lyricsaw
70%
Lyricthink
70%
Lyrictogether
70%
Lyricyoung
70%
Lyricalong
68%
Lyrictaking
68%
Lyrichypnotized
66%
Lyricprice
66%
Lyricshiver
66%
LyricWhen
66%
Lyricwhen
66%
Lyricbe
64%
Lyricpay
64%
Lyrictake
64%
Lyricthose
64%
LyricDon't
61%
Lyricheart
61%
Lyricit
61%
Lyricmust
61%
Lyrictoo
61%
Lyricyou'll
61%
LyricYou'll
61%
Lyricday
59%
Lyricdeep
59%
Lyricout
59%
Lyricfind
57%
Lyricdisguise
55%
LyricHe'll
55%
Lyricsee
55%
Lyrictime
55%
Lyricwears
55%
Lyricwill
55%
Lyricdoes
52%
Lyricgood
52%
LyricI'm
52%
Lyriclonely
52%
Lyricall
50%
Lyriccould
50%
Lyrichave
50%
Lyrichurts
50%
Lyriclive
50%
Lyricremember
50%
Lyricthought
50%
Lyrictimes
50%
Lyricwithout
50%
Lyriccan
48%
Lyricnever
48%
Lyricsit
48%
LyricSometimes
48%
LyricEvery
45%
Lyricsame
45%
Lyricwonder
45%
Lyricback
43%
Lyricbring
43%
LyricHow
43%
Lyricforget
41%
Lyricmy
39%
Lyricname
39%
Lyricpain
39%
Lyricnow
34%
Lyrictook
34%
LyricCrazy
30%

Score Distribution

Percentile by Number Answered

Percent of People with Each Score

Your Score History

You have not taken this quiz